00395nam a2200157Ia 4500008004100000020001500041082001600056100001900072245002300091250000800114260002500122300001100147500002500158650001500183700003900198230524s9999 xx 000 0 und d a0070530394 a621.31bFIT aA.E.Fitzgerald 0aElectric Machinery a6TH aNEW DELHIbTMHc2004 aIX;681 aQuantity Number: 12 aElectrical a" Charles Kingsley , S.D.Umans,,,"